| 000 | 00798nam a2200217Ia 4500 | ||
|---|---|---|---|
| 003 | OSt | ||
| 005 | 20251003154045.0 | ||
| 008 | 220922b |||||||| |||| 00| 0 hin d | ||
| 037 | _cTB | ||
| 040 |
_aARTS _cARTS _bhin |
||
| 041 |
_2hin _ahin |
||
| 084 |
_aO152,1K87x J7.1.-3 _qAL |
||
| 100 |
_aपांडेय, सुधाकर, संपा. _9847434 |
||
| 245 | 0 | _aसोमनाथ ग्रन्थावली | |
| 246 | _aSohināth granthāvalī | ||
| 260 |
_aवाराणसी _b नागरीप्रचारिणी सभा _c1972 |
||
| 300 |
_a3Hkkx _ccm. |
||
| 650 |
_aहिन्दी साहित्य _9156264 |
||
| 942 |
_hO152,1K87x J7.1.-3 _cTB _2CC _n0 |
||
| 999 |
_c322399 _d322399 |
||